|
|
|
|
| LEADER |
01642nam a2200373 a 4500 |
| 001 |
16508 |
| 003 |
BD-DhAAL |
| 008 |
090406s2000 enk b 001 0 eng d |
| 999 |
|
|
|c 99
|d 99
|
| 010 |
|
|
|a 99049701
|
| 020 |
|
|
|a 0719052084 (alk. paper)
|
| 020 |
|
|
|a 0719052092 (pbk.)
|
| 040 |
|
|
|a DLC
|c DLC
|d DLC
|d BD-DhAAL
|
| 082 |
0 |
0 |
|a 820.99171241
|2 21
|
| 100 |
1 |
|
|a McLeod, John,
|d 1969-
|9 41257
|
| 245 |
1 |
0 |
|a Beginning postcolonialism /
|c John McLeod.
|
| 260 |
|
|
|a Manchester, U.K. ;
|a New York :
|b Manchester University Press :
|b Distributed exclusively in the USA by St. Martin's Press,
|c 2000.
|
| 300 |
|
|
|a xii, 274 pages ;
|c 21 cm.
|
| 490 |
1 |
|
|a Beginnings
|
| 504 |
|
|
|a Includes bibliographical references (pages [261]-268) and index.
|
| 541 |
1 |
|
|e 00016508
|
| 650 |
|
0 |
|a Commonwealth literature (English)
|x History and criticism.
|9 41258
|
| 650 |
|
0 |
|a English literature
|y 19th century
|x History and criticism.
|9 41259
|
| 650 |
|
0 |
|a English literature
|y 20th century
|x History and criticism.
|9 41260
|
| 650 |
|
0 |
|a Postcolonialism
|z Commonwealth countries.
|9 41261
|
| 650 |
|
0 |
|a Postcolonialism in literature.
|9 41262
|
| 650 |
|
0 |
|a Imperialism in literature.
|9 41263
|
| 650 |
|
0 |
|a Colonies in literature.
|9 41264
|
| 651 |
|
0 |
|a Commonwealth countries
|x In literature.
|9 41265
|
| 651 |
|
0 |
|a Developing countries
|x In literature.
|9 41266
|
| 830 |
|
0 |
|a Beginnings (Manchester, England)
|9 41267
|
| 852 |
|
|
|a Ayesha Abed LIbrary
|j General Stacks
|
| 942 |
0 |
0 |
|0 1
|2 ddc
|c BK
|
| 952 |
|
|
|0 0
|1 0
|2 ddc
|4 0
|6 820_991712410000000_MCL
|7 0
|9 17633
|a BRACUL
|b BRACUL
|c GEN
|d 2011-07-26
|l 11
|m 38
|o 820.99171241 MCL
|p 3010016508
|r 2024-11-03
|s 2024-10-23
|t 1
|w 2011-07-26
|y BK
|x Nedd binding
|